BROCKHAMPTON Lyrics no.1 - Statistics

General Stats
  • This quiz has been taken 220 times
    219 since last reset
  • The average score is 198 of 486
Answer Stats
Hint Lyrics % Correct
| Verse I
93%
a
89%
yo,
79%
go.
75%
go,
75%
the
75%
The
75%
me
74%
me.
74%
me,
74%
you
71%
You
71%
you're
71%
Do
69%
be.
64%
be
64%
| Chorus My
63%
my
63%
to
63%
no
60%
no.
60%
and
58%
on
57%
on.
57%
can
55%
nigga
55%
don't
54%
we
54%
We
54%
is
53%
it
53%
it,
53%
know
53%
know.
53%
that
51%
like
50%
like...
50%
they
50%
Got
49%
got
49%
gotta
49%
Love
49%
So
48%
so
48%
wanna
47%
can't
46%
in
45%
la,
45%
La,la,la,la
45%
| Chorus Lalalalalalalala
45%
for
44%
up,
44%
up
44%
want
43%
get
42%
she
42%
she's
42%
tell
42%
Why
41%
Am
40%
come
40%
not
40%
with
40%
your
40%
call
39%
shit.
39%
shit,
39%
when
39%
from
38%
keep
38%
let
38%
of
38%
if
37%
hands
36%
all
35%
All
35%
have
35%
Joba!
35%
stuck
35%
this
35%
this.
35%
cold.
34%
froze,
34%
places
34%
too
34%
we're
34%
were
34%
wrist
34%
niggas
33%
now
33%
Now
33%
oh
33%
out
33%
ain't
32%
Verse Ain't
32%
getting
32%
Magic
32%
magic
32%
mouth
32%
one
32%
top,
32%
but
31%
feelin'
31%
heard
31%
i'm
31%
Just
31%
put
31%
it's
30%
Make
30%
thing
30%
god.
29%
hate
29%
mountain
29%
at
28%
life,
28%
Johnson.
27%
money,
27%
then
27%
Wake
27%
face
26%
was
26%
cloak
25%
people
25%
pressure.
25%
pressure,
25%
right
25%
walked.
25%
believe.
24%
believe,
24%
believe
24%
cheese.
24%
crush,
24%
crush
24%
finest
24%
hundred
24%
lie.
24%
nothing
24%
our
24%
you're
24%
Adriana
23%
Angels.
23%
eating
23%
else.
23%
Chorus x2 flow.
23%
grapes
23%
lookin'
23%
never
23%
off
23%
couple
22%
had
22%
swear,
22%
Verse 32
21%
back
21%
being
21%
Charlie's
21%
clean
21%
dance
21%
every
21%
group
21%
hope.
21%
hope
21%
sweat
21%
fries.
20%
grasslands
20%
How
20%
left
20%
Lima.
20%
medieval
20%
ooh,
20%
tryna
20%
village
20%
won't
20%
blood
19%
Cast
19%
chains
19%
exercise.
19%
into
19%
nowhere
19%
wand.
19%
did
18%
feet,
18%
gift
18%
gift.
18%
jacket
18%
obvious?
18%
outcasts
18%
Sangria.
18%
serious.
18%
show
18%
some
18%
cannot
17%
check
17%
double
17%
Double
17%
dream
17%
dreams
17%
fire,
17%
gave
17%
gonna
17%
queen
17%
shoulda
17%
Leia.
16%
much,
16%
peasant
16%
shillings
16%
things,
16%
took
16%
touch
16%
wizards
16%
beamer.
15%
horse
15%
loose
15%
or
15%
Well,
15%
bunned
14%
castle
14%
even
14%
Even
14%
moat
14%
move
14%
rush
14%
spell
14%
Trust
14%
Wavin'
14%
catapult.
13%
drip
13%
met
13%
shanties
13%
Slauson.
13%
smirk
13%
strut
13%
Achieving
12%
bet
12%
bought
12%
milkshake
12%
roam.
12%
Shire
12%
Straight
12%
used
12%
Wipe
12%
wisdom
12%
enough
11%
foreseen,
11%
pieces.
11%
screwed,
11%
world
11%
act
10%
card
10%
doubt
10%
other
10%
pledge
10%
renounce
10%
thousand
10%
til'
10%
wanted
10%
allegiance
9%
career.
9%
knew
9%
pace
9%
peasants,
9%
praise
9%
without
9%
appear
8%
Called
8%
Coined
8%
discuss
8%
Verse Martin
8%
secrets?
8%
weakness.
8%
cared
7%
facetious,
7%
Pullin'
7%
couldn't
6%
cuff,
6%
Listening
6%
adhere
5%
Silhouette
5%
spreadin'
5%
menaces
3%
No matching quizzes found
Score Distribution
Percent of People with Each Score
Percentile by Number Answered
Your Score History
You have not taken this quiz since the last reset